[Event "SVK-ch U12 Girls"]
[Site "Liptovsky Mikulas"]
[Date "2019.04.28"]
[Round "7"]
[White "Obrocnikova, Barbora"]
[Black "Lucova, Karolina"]
[Result "1-0"]
[WhiteElo "1125"]
[BlackElo "1005"]
[PlyCount "87"]
[EventDate "2019.04.23"]
[EventType "swiss"]
[EventRounds "9"]
[EventCountry "SVK"]
[SourceTitle "CBM 190 Extra"]
[Source "ChessBase"]
[SourceDate "2019.07.15"]
[SourceVersion "1"]
[SourceVersionDate "2019.07.15"]
[SourceQuality "1"]

1. e4 e5 2. Nf3 Nc6 3. Bc4 d6 4. c3 Nge7 5. d4 exd4 6. cxd4 g6 7. Nc3 Bg7 8. 0-0 0-0 9. Bg5 Kh8 10. Nd5 Qe8 11. Nxc7 Qd7 12. Nxa8 f5 13. d5 Ne5 14. Nxe5 Bxe5 15. Bb5 Qxb5 16. Bxe7 Rf7 17. Rc1 Qd7 18. Bg5 Bxb2 19. Rc2 Be5 20. Qc1 fxe4 21. Rxc8+ Kg7 22. Rc7 Qf5 23. Rxf7+ Kxf7 24. Qc7+ Kg8 25. h4 b5 26. Rc1 Bg7 27. Qd8+ Bf8 28. Bh6 b4 29. Qxf8+ Qxf8 30. Bxf8 Kxf8 31. Rc4 a5 32. Rxe4 Kf7 33. Nb6 Kf6 34. Nc8 h5 35. Nxd6 g5 36. hxg5+ Kxg5 37. Nf7+ Kf5 38. f3 Kf6 39. d6 Kxf7 40. d7 Kg7 41. d8Q Kg6 42. Re6+ Kf7 43. Qd7+ Kf8 44. Re8# 1-0

[Event "SVK-ch U12 Girls"]
[Site "Liptovsky Mikulas"]
[Date "2019.04.24"]
[Round "2"]
[White "Bochnickova, Simona"]
[Black "Obrocnikova, Barbora"]
[Result "1-0"]
[WhiteElo "1639"]
[BlackElo "1125"]
[PlyCount "129"]
[EventDate "2019.04.23"]
[EventType "swiss"]
[EventRounds "9"]
[EventCountry "SVK"]
[SourceTitle "CBM 190 Extra"]
[Source "ChessBase"]
[SourceDate "2019.07.15"]
[SourceVersion "1"]
[SourceVersionDate "2019.07.15"]
[SourceQuality "1"]

1. e4 e5 2. Nf3 Nc6 3. Nc3 Nf6 4. Bb5 Bb4 5. 0-0 0-0 6. d3 d6 7. Bg5 Bxc3 8. bxc3 Qe7 9. Re1 Nd8 10. d4 Ne6 11. Bc1 c6 12. Bf1 Rd8 13. Ba3 Qc7 14. Nh4 exd4 15. cxd4 c5 16. c3 b6 17. Nf5 Bb7 18. d5 Nf4 19. c4 Re8 20. Qf3 Ng6 21. Bb2 Qd8 22. Nh6+ Kf8 23. Bxf6 Qxf6 24. Qxf6 gxf6 25. Nf5 Rad8 26. Re3 Bc8 27. Ng3 Nh4 28. Nh5 f5 29. Nf6 Re7 30. Nxh7+ Kg7 31. Ng5 f6 32. Nf3 Nxf3+ 33. gxf3 fxe4 34. fxe4 Kf7 35. Bd3 Rg8+ 36. Kh1 Rg4 37. Rg1 Rf4 38. Kg2 Rg4+ 39. Rg3 Re8 40. f3 Rxg3+ 41. Kxg3 Rg8+ 42. Kf2 Rxg1 43. Kxg1 Kg6 44. e5+ Kf7 45. e6+ Ke7 46. h4 Kf8 47. h5 Kg7 48. Bg6 a6 49. e7 Bd7 50. e8Q Bxe8 51. Bxe8 Kh6 52. Kg2 b5 53. cxb5 axb5 54. Bxb5 f5 55. a4 Kxh5 56. a5 f4 57. a6 Kg5 58. a7 Kf5 59. a8Q Ke5 60. Qe8+ Kd4 61. Qe4+ Kc3 62. Qc4+ Kd2 63. Kf2 Kd1 64. Ba4+ Kd2 65. Qc2# 1-0

[Event "SVK-ch U10 Girls"]
[Site "Liptovsky Mikulas"]
[Date "2018.04.25"]
[Round "7"]
[White "Obrocnikova, Barbora"]
[Black "Filipiak, Magdalena"]
[Result "0-1"]
[WhiteElo "1181"]
[BlackElo "1186"]
[PlyCount "54"]
[EventDate "2018.04.21"]
[EventType "swiss"]
[EventRounds "9"]
[EventCountry "SVK"]
[SourceTitle "CBM 184 Extra"]
[Source "ChessBase"]
[SourceDate "2018.06.28"]
[SourceVersion "1"]
[SourceVersionDate "2018.06.28"]
[SourceQuality "1"]

1. e4 d5 2. e5 Nc6 3. Nf3 Bg4 4. Bb5 e6 5. d4 a6 6. Bxc6+ bxc6 7. h3 Bf5 8. c3 Rb8 9. Nbd2 c5 10. Nf1 c4 11. Ng3 Bd3 12. Qa4+ Rb5 13. Qxa6 Rb6 14. Qa4+ c6 15. Qa7 Rb8 16. Ng5 Be7 17. Nh5 Kf8 18. h4 h6 19. Nf3 Qc8 20. Rh3 Ra8 21. Qb6 Ra6 22. Qxa6 Qxa6 23. Rg3 g6 24. Nf4 Be4 25. a4 c5 26. dxc5 Bxc5 27. b4 cxb3 0-1

[Event "SVK-ch U10 Girls"]
[Site "Liptovsky Mikulas"]
[Date "2017.04.25"]
[Round "6"]
[White "Kapicakova, Lucia"]
[Black "Obrocnikova, Barbora"]
[Result "1-0"]
[WhiteElo "1517"]
[BlackElo "1107"]
[PlyCount "59"]
[EventDate "2017.04.22"]
[EventType "swiss"]
[EventRounds "9"]
[EventCountry "SVK"]
[SourceTitle "CBM 178 Extra"]
[Source "ChessBase"]
[SourceDate "2017.06.22"]
[SourceVersion "1"]
[SourceVersionDate "2017.06.22"]
[SourceQuality "1"]

1. f4 d5 2. Nf3 Nc6 3. g3 Bg4 4. Bg2 Qd7 5. h3 Bxf3 6. Bxf3 f6 7. d4 0-0-0 8. Qd3 Nh6 9. Bd2 Nf5 10. Bg4 e6 11. Bxf5 exf5 12. a3 Re8 13. e3 Bd6 14. b4 a6 15. b5 axb5 16. Nc3 Na7 17. a4 c6 18. axb5 Nxb5 19. Nxb5 cxb5 20. Ra8+ Kc7 21. Ba5+ b6 22. Ra7+ Kc6 23. Rxd7 Kxd7 24. Qxb5+ Ke7 25. Bb4 Bxb4+ 26. Qxb4+ Kf7 27. Kd2 Rb8 28. Rb1 g5 29. Qd6 Rhd8 30. Qc7+ 1-0

[Event "SVK-ch U10 Girls"]
[Site "Liptovsky Mikulas"]
[Date "2017.04.22"]
[Round "1"]
[White "Mrmusova, Magdalena"]
[Black "Obrocnikova, Barbora"]
[Result "1/2-1/2"]
[WhiteElo "1251"]
[BlackElo "1107"]
[PlyCount "82"]
[EventDate "2017.04.22"]
[EventType "swiss"]
[EventRounds "9"]
[EventCountry "SVK"]
[SourceTitle "CBM 178 Extra"]
[Source "ChessBase"]
[SourceDate "2017.06.22"]
[SourceVersion "1"]
[SourceVersionDate "2017.06.22"]
[SourceQuality "1"]

1. e4 e5 2. Nf3 Nc6 3. Bc4 Bc5 4. d3 d6 5. h3 h6 6. 0-0 Nf6 7. Be3 Bb6 8. Nc3 0-0 9. Qd2 Bxe3 10. Qxe3 Nh5 11. Qe2 Nf4 12. Qe3 Qf6 13. Nd5 Qg6 14. Nxf4 exf4 15. Qxf4 Bxh3 16. Nh4 Qg5 17. Qxg5 hxg5 18. gxh3 gxh4 19. Kh2 Nd4 20. c3 Nf3+ 21. Kg2 Nd2 22. Rg1 Nxc4 23. dxc4 Rfe8 24. Kh2 Rxe4 25. Rg5 Rxc4 26. Rag1 g6 27. R1g4 Rc6 28. f4 Kf8 29. f5 d5 30. Rxh4 Kg7 31. Rhg4 Re8 32. h4 Rb6 33. h5 Rxb2+ 34. Kh3 Re3+ 35. Rg3 Re4 36. hxg6 Rb1 37. gxf7+ Kxf7 38. Rg7+ Kf6 39. R3g6+ Kxf5 40. Rg5+ Kf6 41. R7g6+ Kf7 1/2-1/2

[Event "SVK-ch U08 Girls"]
[Site "Liptovsky Mikulas"]
[Date "2016.04.23"]
[Round "9"]
[White "Obrocnikova, Barbora"]
[Black "Sosovickova, Martina"]
[Result "0-1"]
[WhiteElo "1097"]
[BlackElo "1068"]
[PlyCount "76"]
[EventDate "2016.04.16"]
[EventType "swiss"]
[EventRounds "9"]
[EventCountry "SVK"]
[SourceTitle "CBM 172 Extra"]
[Source "ChessBase"]
[SourceDate "2016.06.21"]
[SourceVersion "1"]
[SourceVersionDate "2016.06.21"]
[SourceQuality "1"]

1. e4 e5 2. Nf3 Nc6 3. Nc3 Nf6 4. Bc4 Nxe4 5. Nxe4 d5 6. Bd3 dxe4 7. Bxe4 Bg4 8. h3 Bxf3 9. Qxf3 Qd7 10. Bf5 Qd6 11. 0-0 Qf6 12. d3 Nd4 13. Qxb7 Rd8 14. Be4 Bd6 15. Bc6+ Ke7 16. Bd5 Ne2+ 17. Kh1 Nxc1 18. Raxc1 Qf4 19. g3 Qf5 20. Bg2 Rb8 21. Qxa7 Rxb2 22. d4 exd4 23. Rfe1+ Kd7 24. Be4 Qxh3+ 25. Kg1 Qg4 26. Qa4+ c6 27. Qxc6+ Kd8 28. Qa8+ Kc7 29. Qxh8 d3 30. cxd3+ Kb6 31. Qb8+ Bxb8 32. Rc6+ Ka7 33. d4 Bxg3 34. Rc7+ Bxc7+ 35. Kf1 Qf4 36. f3 Qd2 37. Re2 Qxe2+ 38. Kg1 Qg2# 0-1

[Event "SVK-ch U08 Girls"]
[Site "Liptovsky Mikulas"]
[Date "2016.04.22"]
[Round "8"]
[White "Filipiak, Magdalena"]
[Black "Obrocnikova, Barbora"]
[Result "1-0"]
[WhiteElo "1000"]
[BlackElo "1097"]
[PlyCount "43"]
[EventDate "2016.04.16"]
[EventType "swiss"]
[EventRounds "9"]
[EventCountry "SVK"]
[SourceTitle "CBM 172 Extra"]
[Source "ChessBase"]
[SourceDate "2016.06.21"]
[SourceVersion "1"]
[SourceVersionDate "2016.06.21"]
[SourceQuality "1"]

1. e4 e5 2. Bc4 Bc5 3. Nf3 Nc6 4. c3 Nf6 5. d3 d5 6. exd5 Nxd5 7. d4 exd4 8. cxd4 Qe7+ 9. Be2 Bb4+ 10. Bd2 Bxd2+ 11. Nbxd2 0-0 12. 0-0 Qf6 13. Ne4 Qg6 14. Ng3 h5 15. Bd3 Qg4 16. h3 Qd7 17. Bf5 Qd8 18. Qd3 g6 19. Bxg6 fxg6 20. Qxg6+ Kh8 21. Nxh5 Rg8 22. Qh6# 1-0

[Event "SVK-ch U08 Girls"]
[Site "Liptovsky Mikulas"]
[Date "2016.04.20"]
[Round "6"]
[White "Mrmusova, Magdalena"]
[Black "Obrocnikova, Barbora"]
[Result "0-1"]
[WhiteElo "1000"]
[BlackElo "1097"]
[PlyCount "66"]
[EventDate "2016.04.16"]
[EventType "swiss"]
[EventRounds "9"]
[EventCountry "SVK"]
[SourceTitle "CBM 172 Extra"]
[Source "ChessBase"]
[SourceDate "2016.06.21"]
[SourceVersion "1"]
[SourceVersionDate "2016.06.21"]
[SourceQuality "1"]

1. e4 e5 2. Bc4 Bc5 3. Nf3 Nc6 4. Nc3 Nf6 5. d3 h6 6. 0-0 0-0 7. Be3 Bb6 8. Bxb6 cxb6 9. Nd5 Nxd5 10. Bxd5 Nb4 11. Nxe5 Nxd5 12. exd5 d6 13. Nf3 Qf6 14. Kh1 Qxb2 15. Qe1 Qxc2 16. Qe7 Qxd3 17. Rad1 Qa3 18. Rd4 Qxa2 19. Rf4 Qxd5 20. h3 a5 21. Rd4 Qb3 22. Nd2 Qc3 23. Rf4 Qxd2 24. Rxf7 Rxf7 25. Qe8+ Rf8 26. Qg6 Qe2 27. Rc1 Qxf2 28. Rc7 Qf1+ 29. Kh2 Rf7 30. Qxd6 Rf2 31. Qd8+ Kh7 32. Kg3 Qxg2+ 33. Kh4 Qxh3# 0-1

[Event "SVK-ch U08 Girls"]
[Site "Liptovsky Mikulas"]
[Date "2016.04.19"]
[Round "5"]
[White "Obrocnikova, Barbora"]
[Black "Holestiakova, Lubana"]
[Result "1-0"]
[WhiteElo "1097"]
[BlackElo "1145"]
[PlyCount "59"]
[EventDate "2016.04.16"]
[EventType "swiss"]
[EventRounds "9"]
[EventCountry "SVK"]
[SourceTitle "CBM 172 Extra"]
[Source "ChessBase"]
[SourceDate "2016.06.21"]
[SourceVersion "1"]
[SourceVersionDate "2016.06.21"]
[SourceQuality "1"]

1. e4 e5 2. Nf3 Nc6 3. Nc3 Nf6 4. Bc4 Bc5 5. 0-0 0-0 6. d3 h6 7. Nh4 d6 8. h3 Be6 9. Qf3 Nd4 10. Qg3 Kh8 11. Bxe6 fxe6 12. Ng6+ Kg8 13. Nxf8 Kxf8 14. Re1 Bb4 15. Re3 Kg8 16. Qg6 Kf8 17. Rg3 Ke7 18. Qxg7+ Ke8 19. Qh8+ Kd7 20. Rg7+ Kc8 21. Qxh6 Bxc3 22. bxc3 Ne2+ 23. Kf1 Nxc3 24. Bg5 Qd7 25. Qh8+ Qd8 26. Qh6 Nb5 27. Bxf6 Qe8 28. Qh7 Nd4 29. Rg8 Nxc2 30. Rxe8# 1-0

[Event "SVK-ch U08 Girls"]
[Site "Tatralandia"]
[Date "2015.04.21"]
[Round "4"]
[White "Obrocnikova, Barbora"]
[Black "Kapicakova, Lucia"]
[Result "0-1"]
[WhiteElo "1000"]
[BlackElo "1070"]
[PlyCount "58"]
[EventDate "2015.04.18"]
[EventType "tourn"]
[EventRounds "7"]
[EventCountry "SVK"]
[SourceTitle "CBM 166 Extra"]
[Source "ChessBase"]
[SourceDate "2015.06.18"]
[SourceVersion "1"]
[SourceVersionDate "2015.06.18"]
[SourceQuality "1"]

1. e4 e5 2. Nc3 Bc5 3. Bc4 Nc6 4. Qf3 Qf6 5. Nd5 Qxf3 6. gxf3 Bb6 7. Nh3 Nd4 8. Ndf4 exf4 9. Ng5 Nxc2+ 10. Kd1 Nxa1 11. Nxf7 Bxf2 12. Nxh8 d6 13. Bxg8 Ke7 14. Bxh7 Be6 15. Ng6+ Kd7 16. Nxf4 Bxa2 17. Rg1 Bxg1 18. Bf5+ Kc6 19. e5 dxe5 20. Be4+ Kb6 21. Nh3 Bb3+ 22. Ke1 Bd4 23. d3 Rh8 24. Ng5 Rxh2 25. Ne6 Nc2+ 26. Kd1 Ne3+ 27. Ke1 Bxe6 28. b4 Bc3+ 29. Bd2 Bxd2# 0-1

[Event "SVK-ch U08 Girls"]
[Site "Tatralandia"]
[Date "2015.04.19"]
[Round "2"]
[White "Obrocnikova, Barbora"]
[Black "Holestiakova, Lubana"]
[Result "1-0"]
[WhiteElo "1000"]
[BlackElo "1000"]
[PlyCount "42"]
[EventDate "2015.04.18"]
[EventType "tourn"]
[EventRounds "7"]
[EventCountry "SVK"]
[SourceTitle "CBM 166 Extra"]
[Source "ChessBase"]
[SourceDate "2015.06.18"]
[SourceVersion "1"]
[SourceVersionDate "2015.06.18"]
[SourceQuality "1"]

1. e4 e5 2. Bc4 Nc6 3. Qf3 Nf6 4. c3 b6 5. d4 Bb7 6. dxe5 Bb4 7. cxb4 Nxb4 8. exf6 0-0 9. fxg7 Kxg7 10. Qg3+ Kh8 11. Qe5+ Kg8 12. Be3 Bxe4 13. Na3 Re8 14. Rd1 Rxe5 15. Nh3 b5 16. Nxb5 Re8 17. Nc3 Bc6 18. Ng5 h6 19. Nxf7 Qe7 20. Nd6+ Kf8 21. Nxe8 Qxe8 1-0